000 00740nam a2200181 i 4500
001 124919
003 ES-MaACL
005 20230906192524.0
007 t|
008 070424s1933 sp ||||1| spa d
245 0 0 _aJurisdicción especial de Previsión
_b: reglamento de los Patronatos de Previsión Social y de la Comisión Revisora Paritaria Superior : aprobado por Decreto de 7 de abril de 1932 y adicionado por Decreto de 8 de mayo de 1933.
260 _aMadrid :
_bA. Marzo,
_c1933.
300 _a175 p. ;
_c21 cm.
490 1 _aPublicaciones del Instituto Nacional de Previsión ;
_v376
830 0 _aPublicaciones del Instituto Nacional de Previsión ;
_v376
_9181151
852 _aES-MaACL
_jC-12630(12)
999 _c124919
_d124919